| 000 -LEADER | |
|---|---|
| fixed length control field | 00869nam a22002297a 4500 |
| 005 - DATE AND TIME OF LATEST TRANSACTION | |
| control field | 20250420134816.0 |
| 008 - FIXED-LENGTH DATA ELEMENTS--GENERAL INFORMATION | |
| fixed length control field | 200806b ||||| |||| 00| 0 eng d |
| 020 ## - INTERNATIONAL STANDARD BOOK NUMBER | |
| International Standard Book Number | 9780805856088 |
| 040 ## - CATALOGING SOURCE | |
| Transcribing agency | KCST |
| 082 ## - DEWEY DECIMAL CLASSIFICATION NUMBER | |
| Classification number | 808.042071 |
| Item number | Wr |
| 245 ## - TITLE STATEMENT | |
| Title | The writing center director's resource book / |
| Statement of responsibility, etc. | Christina Murphy; Byron L Stay, editors |
| 260 ## - PUBLICATION, DISTRIBUTION, ETC. | |
| Place of publication, distribution, etc. | Mahwah, N.J. : |
| Name of publisher, distributor, etc. | Lawrence Erlbaum Associates, Publishers, |
| Date of publication, distribution, etc. | 2005. |
| 300 ## - PHYSICAL DESCRIPTION | |
| Extent | 451 p. |
| 650 ## - SUBJECT ADDED ENTRY--TOPICAL TERM | |
| Topical term or geographic name entry element | English language |
| Form subdivision | Rhetoric |
| -- | Study and teaching |
| -- | Handbooks, manuals, etc. |
| 9 (RLIN) | 4915 |
| 650 ## - SUBJECT ADDED ENTRY--TOPICAL TERM | |
| Topical term or geographic name entry element | Report writing |
| Form subdivision | Study and teaching (Higher) |
| -- | Handbooks, manuals, etc. |
| 9 (RLIN) | 4916 |
| 650 ## - SUBJECT ADDED ENTRY--TOPICAL TERM | |
| Topical term or geographic name entry element | Writing centers |
| Form subdivision | Administration |
| -- | Handbooks, manuals, etc. |
| 9 (RLIN) | 4917 |
| 655 ## - INDEX TERM--GENRE/FORM | |
| Genre/form data or focus term | Handbooks, manuals, etc. |
| 9 (RLIN) | 4918 |
| 700 ## - ADDED ENTRY--PERSONAL NAME | |
| Personal name | Murphy, Christina |
| Relator term | editor |
| 9 (RLIN) | 4919 |
| 700 ## - ADDED ENTRY--PERSONAL NAME | |
| Personal name | Stay, Byron L. |
| Relator term | editor |
| 9 (RLIN) | 4920 |
| 942 ## - ADDED ENTRY ELEMENTS (KOHA) | |
| Koha item type | Book |
| 942 ## - ADDED ENTRY ELEMENTS (KOHA) | |
| Source of classification or shelving scheme | Dewey Decimal Classification |
| Withdrawn status | Lost status | Source of classification or shelving scheme | Damaged status | Not for loan | Home library | Current library | Date acquired | Cost, normal purchase price | Total checkouts | Full call number | Barcode | Date last seen | Price effective from | Koha item type |
|---|---|---|---|---|---|---|---|---|---|---|---|---|---|---|
| Dewey Decimal Classification | KCST Library | KCST Library | 06/08/2020 | 19.50 | 808.042071 Wr | 1000000462 | 06/08/2020 | 06/08/2020 | Book |